00253nam a22001097a 4500008004100000020001800041041000800059080001500067100000600082101000800088245004700096181101b xxu||||| |||| 00| 0 eng d a9780397518517 aeng 23 THa616 a6 aKIR aGeneral Surgery Board RewiewcGold.M.S